Logo BPK

Biblioteka

Politechniki Koszalińskiej

This side of innocence / (Rekord nr 48626)

Szczegóły MARC
000 -ETYKIETA REKORDU
podpole kontrolne o stałej długości 00418nam a2200157 i 4500
001 - NUMER KONTROLNY REKORDU
pole kontrolne bgj
040 ## - ŹRÓDŁO KATALOGOWANIA
Instytucja, która utworzyła rekord BPK
041 0# - KOD JĘZYKA
Kod języka tekstu eng
008 - POLE O STAŁEJ DŁUGOŚCI - DANE KONTROLNE
podpole kontrolne o stałej długości s uk f |000 0 eng
100 1# - NAZWA OSOBOWA
Nazwa osobowa Caldwell, Taylor
Daty związane z nazwą (1900-1985).
245 10 - TYTUŁ/ODPOWIEDZIALNOŚĆ
Tytuł This side of innocence /
Pozostałe elementy strefy tytułu i oznaczenia odpowiedzialności by Taylor Caldwell.
260 ## - STREFA ADRESU WYDAWNICZEGO
Miejsce wydania New York :
Nazwa wydawcy/dystrybutora Charles Scribner's sons,
Data publikacji, dystrybucji/powstania dokumentu 1946.
300 ## - STREFA OPISU FIZYCZNEGO
Objętość 499 pp ;
Rozmiary 22 cm.
650 #9 - HASŁO PRZEDMIOTOWE W FORMIE NAZWY OGÓLNEJ LUB JEDNOSTKOWEJ
Nazwa ogólna lub geograficzna American fiction
942 ## - DODATKOWE ELEMENTY (KOHA)
Typ dokumentu Książka
Egzemplarze
Wycofany Status egzemplarza Uszkodzony Dostępność Lokalizacja stała Lokalizacja bieżąca Miejsce przechowywania Sygnatura Kod kreskowy Typ dokumentu
      Dostępny Biblioteka Politechniki Koszalińskiej Biblioteka Politechniki Koszalińskiej Wypożyczalnia Językowa KA 5926 09053007 Książka
© 2023 Biblioteka Politechniki Koszalińskiej :: KOHA